Welcome to the Holygrace Academy Library

Please use search bar below to get started

GREAT INVENTORS (Record no. 6462)

MARC details
000 -LEADER
fixed length control field 00278nam a22001337a 4500
082 ## - DEWEY DECIMAL CLASSIFICATION NUMBER
Classification number 920
Item number SRI/G
100 ## - MAIN ENTRY--AUTHOR NAME
Personal name SRINIVASAN,ARCHANA
245 ## - TITLE STATEMENT
Title GREAT INVENTORS
250 ## - EDITION STATEMENT
Edition statement FIRST
260 ## - PUBLICATION, DISTRIBUTION, ETC. (IMPRINT)
Place of publication CHENNAI
Name of publisher SURA BOOKS
300 ## - PHYSICAL DESCRIPTION
Number of Pages 92
650 ## - SUBJECT ADDED ENTRY--TOPICAL TERM
Topical Term BIOGRAPHY
Geographic subdivision CHENNAI
942 ## - ADDED ENTRY ELEMENTS (KOHA)
Koha item type Books
Holdings
Withdrawn status Lost status Collection code Home library Current library Shelving location Date acquired Source of acquisition Cost, normal purchase price Full call number Accession Number Koha item type
    Reference Main Library Main Library SHELF-17-L-BIOGRAPHIES & AUTOBIOGRAPHIES 17/11/2006 PURCHASE 40.00 920 SRI/G 03296 Books